|
|
|
|
| LEADER |
02241njm a2200553 a 4500 |
| 001 |
000779395 |
| 003 |
CZ BrMZK |
| 005 |
20050809131005.0 |
| 007 |
sd fsngnnmmned |
| 008 |
050616nuuuuuuuuxr mu g cze d |
| 015 |
|
|
|a cnb001501021
|
| 028 |
0 |
0 |
|a LK 0116-2
|b Levné knihy KMa
|
| 040 |
|
|
|a ABA001
|b cze
|d BOA001
|
| 045 |
|
|
|a y0y0
|
| 047 |
|
|
|a df
|a pp
|
| 080 |
|
|
|a 78.085
|2 MRF
|
| 080 |
|
|
|a 78.085.321
|2 MRF
|
| 080 |
|
|
|a 78.085.3
|2 MRF
|
| 080 |
|
|
|a 78.036.9
|2 MRF
|
| 080 |
|
|
|a 78.085.322
|2 MRF
|
| 080 |
|
|
|a 784.4
|2 MRF
|
| 080 |
|
|
|a (086.76)
|2 MRF
|
| 245 |
0 |
0 |
|a Melodie, které potěší
|h [zvukový záznam]
|
| 260 |
|
|
|a Praha :
|b Levné knihy KMa,
|c [2004?]
|
| 300 |
|
|
|a 1 zvuková deska (54:55) :
|b digital ;
|c 12 cm +
|e 1 leták (12 x 12 cm)
|
| 306 |
|
|
|a 010000
|
| 500 |
|
|
|a Kompaktní deska
|
| 505 |
0 |
0 |
|t Modrý pavilon --
|t Směs melodií z operety Ostrov milování --
|t Krásné je žít --
|t Moje milá paní --
|t Píseň má --
|t Tatínku náš drahý --
|t Směs melodií Františka Svojíka --
|t Touha po domově --
|t Láska nemilovaná --
|t Tak už hraj --
|t Malá směs melodií --
|t Až ztichnou bílé skály --
|t Na zdraví Moravy --
|t Vyznání lásky --
|t Krásná růže --
|t Big band boogie
|
| 511 |
0 |
|
|a Zpívá Marie Hanzelková a další ; hraje Studiový orchestr, řídí Milan Baginský, Ctibor Mestek
|
| 650 |
0 |
7 |
|a taneční písně
|7 ph224475
|2 czenas
|
| 650 |
0 |
7 |
|a tanga
|7 ph224476
|2 czenas
|
| 650 |
0 |
7 |
|a slow-rock
|7 ph224458
|2 czenas
|
| 650 |
0 |
7 |
|a boogie woogie
|7 ph224314
|2 czenas
|
| 650 |
0 |
7 |
|a fox-polky
|7 ph224336
|2 czenas
|
| 650 |
0 |
7 |
|a populární písně
|7 ph124354
|2 czenas
|
| 655 |
|
7 |
|a kompaktní desky
|7 fd201991
|2 czenas
|
| 700 |
1 |
|
|a Baginský, Milan,
|d 1938-
|7 xx0016530
|4 arr
|4 cnd
|
| 700 |
1 |
|
|a Hanzelková, Marie,
|d 1947-
|7 ola200203055
|4 sng
|
| 700 |
1 |
|
|a Mestek, Ctibor
|7 jx20050314008
|4 cnd
|
| 740 |
0 |
|
|a Tvůj bílý šátek
|
| 740 |
0 |
|
|a Polibek na rozloučenou
|
| 740 |
0 |
|
|a Růžová krinolína
|
| 740 |
0 |
|
|a Ukolébavka z Harlému
|
| 740 |
0 |
|
|a Dřív než se rozední
|
| 740 |
0 |
|
|a Hvězdy se líbají
|
| 910 |
|
|
|a BOA001
|b CD-0012.455
|
| 990 |
|
|
|a AV
|
| 991 |
|
|
|b 200508
|
| 996 |
6 |
|
|b 261H013671
|c CD-0012.455
|l MZK
|r Sklad / do 24 hodin
|n 0
|w 000779395
|u 000010
|a 1
|e BOA001
|j MZK50
|s P
|